| 000 | 00812nam a2200253 i 4500 | ||
|---|---|---|---|
| 001 | bg | ||
| 100 | 1 | _aCZOŁCZYŃSKI, Krzysztof | |
| 245 | 1 | 0 |
_aZbiór zadań z kinematyki mechanizmów płaskich / _cKrzysztof Czołczyński ; Politechnika Łódzka. |
| 260 |
_aŁódź : _bWydaw. PŁ, _c2001. |
||
| 300 |
_a66 s. : _bil. ; _c24 cm. |
||
| 490 | 1 | _aSkrypty dla Szkół Wyższych / Politechnika Łódzka | |
| 504 | _aBibliogr. | ||
| 650 | 9 |
_aMaszyny _xteoria |
|
| 655 | _aĆwiczenia i zadania dla szkół wyższych | ||
| 710 | 0 | _aPolitechnika Łódzka | |
| 830 | 0 | _aSkrypty dla Szkół Wyższych (Politechnika Łódzka) | |
| 020 | _a8372830401 | ||
| 040 | _cBPK | ||
| 041 | 0 | _apl | |
| 080 | _a621.01(075.8)(076) | ||
| 920 | _a83-7283-040-1 | ||
| 942 | _cKS | ||
| 008 | s pl f |000 0 pol | ||
| 999 |
_c42121 _d42121 |
||
| 856 |
_uhttp://koha.tu.koszalin.pl/cgi-bin/koha/opac-detail.pl?biblionumber=42121 _yKatalog online BPK |
||